<?xml version="1.0" encoding="UTF-8"?>
<record
    xmlns:xsi="http://www.w3.org/2001/XMLSchema-instance"
    xsi:schemaLocation="http://www.loc.gov/MARC21/slim http://www.loc.gov/standards/marcxml/schema/MARC21slim.xsd"
    xmlns="http://www.loc.gov/MARC21/slim">

  <leader>01483    a2200265   4500</leader>
  <controlfield tag="001">152</controlfield>
  <controlfield tag="005">20260407155414.0</controlfield>
  <controlfield tag="008">260407a2008    arg                 spa d</controlfield>
  <controlfield tag="003">AR-UNSa-BCEJYS</controlfield>
  <datafield tag="040" ind1=" " ind2=" ">
    <subfield code="a">AR-UNSa-BCEJYS</subfield>
    <subfield code="b">spa</subfield>
    <subfield code="c">AR-UNSa-BCEJYS</subfield>
  </datafield>
  <datafield tag="080" ind1=" " ind2=" ">
    <subfield code="a">510</subfield>
    <subfield code="x">Consideraciones fundamentales y generales de las matem&#xE1;ticas
</subfield>
  </datafield>
  <datafield tag="245" ind1="1" ind2="0">
    <subfield code="a">Matematicas para administraci&#xF3;n y econom&#xED;a</subfield>
  </datafield>
  <datafield tag="020" ind1=" " ind2=" ">
    <subfield code="a">978-970-26-1147-9</subfield>
  </datafield>
  <datafield tag="250" ind1=" " ind2=" ">
    <subfield code="a">12a. ed</subfield>
  </datafield>
  <datafield tag="264" ind1=" " ind2="1">
    <subfield code="a">M&#xE9;xico :</subfield>
    <subfield code="b">Pearson Educaci&#xF3;n</subfield>
    <subfield code="c">2008</subfield>
  </datafield>
  <datafield tag="300" ind1=" " ind2=" ">
    <subfield code="a">xxi, 841 p.</subfield>
    <subfield code="c">27 cm</subfield>
  </datafield>
  <datafield tag="505" ind1=" " ind2=" ">
    <subfield code="a">0. Repaso de &#xE1;lgebra - 1. Aplicaciones y m&#xE1;s &#xE1;lgebra - 2. Funciones y gr&#xE1;ficas - 3. Rectas, par&#xE1;bolas y sistemas de ecuaciones - 4. Funciones exponenciales y logar&#xED;tmicas - 5. Matem&#xE1;ticas financieras - 6. Algebra matricial - 7. Programaci&#xF3;n lineal - 8. Introducci&#xF3;n a la probabilidad y la estad&#xED;stica - 9. Temas adicionales en probabilidad - 10. L&#xED;mites y continuidad - 11. Diferenciaci&#xF3;n - 12. Temas adicionales de diferenciaci&#xF3;n - 13. Trazado de curvas - 14. Integraci&#xF3;n - 15. M&#xE9;todos y aplicaciones de la integraci&#xF3;n -  16. Variables aleatorias continuas - 17. C&#xE1;lculo de varias variables</subfield>
  </datafield>
  <datafield tag="041" ind1=" " ind2=" ">
    <subfield code="a">spa</subfield>
  </datafield>
  <datafield tag="942" ind1=" " ind2=" ">
    <subfield code="c">BK</subfield>
  </datafield>
  <datafield tag="590" ind1=" " ind2=" ">
    <subfield code="a">niveau_biblio:m niveau_hierar:0</subfield>
  </datafield>
  <datafield tag="100" ind1="1" ind2=" ">
    <subfield code="a">Haeussler, Ernest F.</subfield>
  </datafield>
  <datafield tag="700" ind1="1" ind2=" ">
    <subfield code="a">Paul, Richard S.</subfield>
  </datafield>
  <datafield tag="700" ind1="1" ind2=" ">
    <subfield code="a">Wood, Richard J</subfield>
  </datafield>
  <datafield tag="856" ind1="4" ind2="1">
    <subfield code="u">https://biblioeco.unsa.edu.ar/pmb/images/libros/Matem?ticas para Administraci?n y Econom?a-l117695.jpg</subfield>
    <subfield code="y">Imagen de portada</subfield>
    <subfield code="q">image/jpeg</subfield>
  </datafield>
  <datafield tag="999" ind1=" " ind2=" ">
    <subfield code="c">121</subfield>
    <subfield code="d">121</subfield>
  </datafield>
  <datafield tag="952" ind1=" " ind2=" ">
    <subfield code="0">0</subfield>
    <subfield code="1">0</subfield>
    <subfield code="4">0</subfield>
    <subfield code="7">0</subfield>
    <subfield code="a">BCEJYS</subfield>
    <subfield code="b">BCEJYS</subfield>
    <subfield code="c">16</subfield>
    <subfield code="d">2026-04-07</subfield>
    <subfield code="l">0</subfield>
    <subfield code="o">510 H137m 12ed.</subfield>
    <subfield code="p">L117415</subfield>
    <subfield code="r">2026-04-07 15:54:14</subfield>
    <subfield code="w">2026-04-07</subfield>
    <subfield code="y">L</subfield>
    <subfield code="z">1RA HOJA UN POCO PARTIDA EN PARTE SUPERIOR - CANTO LATERAL C/ LAPICERA NEGRA</subfield>
  </datafield>
  <datafield tag="952" ind1=" " ind2=" ">
    <subfield code="0">0</subfield>
    <subfield code="1">0</subfield>
    <subfield code="4">0</subfield>
    <subfield code="7">0</subfield>
    <subfield code="a">BCEJYS</subfield>
    <subfield code="b">BCEJYS</subfield>
    <subfield code="c">16</subfield>
    <subfield code="d">2026-04-07</subfield>
    <subfield code="l">0</subfield>
    <subfield code="o">510 H137m 12ed.</subfield>
    <subfield code="p">L117693</subfield>
    <subfield code="r">2026-04-07 15:54:14</subfield>
    <subfield code="w">2026-04-07</subfield>
    <subfield code="y">L</subfield>
  </datafield>
  <datafield tag="952" ind1=" " ind2=" ">
    <subfield code="0">0</subfield>
    <subfield code="1">0</subfield>
    <subfield code="4">0</subfield>
    <subfield code="7">0</subfield>
    <subfield code="a">BCEJYS</subfield>
    <subfield code="b">BCEJYS</subfield>
    <subfield code="c">16</subfield>
    <subfield code="d">2026-04-07</subfield>
    <subfield code="l">0</subfield>
    <subfield code="o">510 H137m 12ed.</subfield>
    <subfield code="p">L117694</subfield>
    <subfield code="r">2026-04-07 15:54:14</subfield>
    <subfield code="w">2026-04-07</subfield>
    <subfield code="y">L</subfield>
    <subfield code="z">H&#xDA;MEDO Y MANCHADO EN CANTO INFERIOR - L&#xC1;PIZ - CANTO UN POCO SUCIO - H&#xDA;MEDO EN CANTO ALTERAL DESDE P&#xC1;G 841 A FINAL</subfield>
  </datafield>
  <datafield tag="952" ind1=" " ind2=" ">
    <subfield code="0">0</subfield>
    <subfield code="1">0</subfield>
    <subfield code="4">0</subfield>
    <subfield code="7">0</subfield>
    <subfield code="a">BCEJYS</subfield>
    <subfield code="b">BCEJYS</subfield>
    <subfield code="c">16</subfield>
    <subfield code="d">2026-04-07</subfield>
    <subfield code="l">0</subfield>
    <subfield code="o">510 H137m 12ed.</subfield>
    <subfield code="p">L117695</subfield>
    <subfield code="r">2026-04-07 15:54:14</subfield>
    <subfield code="w">2026-04-07</subfield>
    <subfield code="y">L</subfield>
  </datafield>
  <datafield tag="952" ind1=" " ind2=" ">
    <subfield code="0">0</subfield>
    <subfield code="1">0</subfield>
    <subfield code="4">0</subfield>
    <subfield code="7">0</subfield>
    <subfield code="a">BCEJYS</subfield>
    <subfield code="b">BCEJYS</subfield>
    <subfield code="c">16</subfield>
    <subfield code="d">2026-04-07</subfield>
    <subfield code="l">0</subfield>
    <subfield code="o">510 H137m 12ed.</subfield>
    <subfield code="p">L117691</subfield>
    <subfield code="r">2026-04-07 15:54:14</subfield>
    <subfield code="w">2026-04-07</subfield>
    <subfield code="y">L</subfield>
    <subfield code="z">CANTO INFERIOR H&#xDA;MEDO - MANCHAS Y HOJAS ROTAS - &#xDA;LTIMA HOJA DA&#xD1;ADA - 1RAS HOJAS MANCHADAS - CANTO SUCIO</subfield>
  </datafield>
  <datafield tag="952" ind1=" " ind2=" ">
    <subfield code="0">0</subfield>
    <subfield code="1">0</subfield>
    <subfield code="4">0</subfield>
    <subfield code="7">0</subfield>
    <subfield code="a">BCEJYS</subfield>
    <subfield code="b">BCEJYS</subfield>
    <subfield code="c">16</subfield>
    <subfield code="d">2026-04-07</subfield>
    <subfield code="l">0</subfield>
    <subfield code="o">510 H137m 12ed.</subfield>
    <subfield code="p">L117692</subfield>
    <subfield code="r">2026-04-07 15:54:14</subfield>
    <subfield code="w">2026-04-07</subfield>
    <subfield code="y">L</subfield>
    <subfield code="z">CANTO SUPERIOR MANCHADO C/ AZ&#xDA;L - &#xDA;LTIMAS HOJAS SEMISUELTAS - P&#xC1;G. 1 Y 2 MANCHADAS - &#xDA;LTIMA HOJA DOBLADA - TAPA UN POCO DOBLADA</subfield>
  </datafield>
</record>
